书目信息 |
| 题名: |
一代枭雄萨达姆
|
|
| 作者: | 苏克 | |
| 分册: | ||
| 出版信息: | 北京 高等教育出版社 1998 |
|
| 页数: | 407 | |
| 开本: | 20cm | |
| 丛书名: | ||
| 单 册: | ||
| 中图分类: | K377 | |
| 科图分类: | ||
| 主题词: | 西亚--历史 | |
| 电子资源: | ||
| ISBN: | 7-201-02571-6 | |
| 000 | 00476nam0 2200181 450 | |
| 001 | 0757995392 | |
| 005 | 20071007160635.39 | |
| 010 | @a7-201-02571-6@d22 | |
| 100 | @a20071007d km y0chiy0120 ea | |
| 101 | 0 | @achi |
| 200 | 1 | @a一代枭雄萨达姆@Ayi dai xiao xiong sa da mu@f苏克@Fsu ke |
| 210 | @a北京@c高等教育出版社@d1998 | |
| 215 | @a407@d20cm | |
| 606 | 0 | @a西亚@x历史 |
| 690 | @aK377@v3 | |
| 701 | 0 | @a苏克@Asu ke |
| 801 | 0 | @aCN@bPFT@c20071007 |
| 905 | @a213230@dK377@ea3@f1 | |
| 一代枭雄萨达姆/苏克.-北京:高等教育出版社,1998 |
| 407;20cm |
| ISBN 7-201-02571-6:22 |
| ● |
| 相关链接 |
|
|
|
|
正题名:一代枭雄萨达姆
索取号:K377/a3
 
预约/预借
| 序号 | 登录号 | 条形码 | 馆藏地/架位号 | 状态 | 备注 |
| 1 | 7508870 | 275088708 | 史法系资料室/ [索取号:K377/a3] | 在馆 |